00527nam a22001697a 450000500170000001000130001702000100003003500120004003700130005208200080006510000330007324500560010624600410016226000580020327000750026130000210033620230607155550.0 aUR-12033 c52.00 aU-10588 bDBAD/PUB a841 aعبد الغفار ندوی aانمول موتی /cعبد الغفار ندوی aAnmol Moti /bby Abdul Ghaffar Nadvi aNew DelhibMarkazi Maktaba Islami Publishersc2014 ء aD-307, Dawat Nagar, Abul Fazal Enclave, Jamia NagarbNew Delhie110025 a88 صc22cm(pbk)